A numerical analysis of large amplitude liquid sloshing in baffled containers /

Bibliographic Details
Corporate Authors: United States. Maritime Administration. Office of Research and Development, Texas A & M University. Ocean Engineering Program
Other Authors: Su, T. C.
Format: Government Document Book
Language:English
Published: Washington, D.C. : Springfield, Va. : The Administration ; National Technical Information Service, 1982.
Subjects:

MARC

Tag First Indicator Second Indicator Subfields
LEADER 00000cam a2200000 a 4500
001 in00001237683
005 20151003071841.0
008 871222d198203 dcua bt f000 0 eng d
027 |a MA-RD-940-82046 
035 |a (OCoLC)17278263 
035 |9 AGT5302AM 
037 |a PB82-202672  |b National Technical Information Service 
040 |a MMM  |c MMM  |d TXA  |d UtOrBLW 
049 |a TXAS [tamu] 
086 0 |a TD 11.2:N 86 
090 |a TA360  |b .S9 1982 
245 0 2 |a A numerical analysis of large amplitude liquid sloshing in baffled containers /  |c T.C. Su ... [and others ; prepared by] Texas A&M University, [Ocean Engineering Program for U.S. Department of Transportation, Maritime Administration, Office of Research and Development]. 
264 1 |a Washington, D.C. :  |b The Administration ;  |a Springfield, Va. :  |b National Technical Information Service,  |c 1982. 
300 |a xxiv, 266 leaves :  |b illustrations ;  |c 28 cm. 
336 |a text  |b txt  |2 rdacontent 
337 |a unmediated  |b n  |2 rdamedia 
338 |a volume  |b nc  |2 rdacarrier 
500 |a Title from cover. 
513 |a Final report.  |b March 1982. 
500 |a Contract number MA-79-SAC-00-104. 
500 |a PB82-202672. 
504 |a Bibliography: leaves 263-266. 
650 0 |a Sloshing (Hydrodynamics)  |x Research. 
650 0 |a Fluid dynamics  |x Research. 
650 0 |a Tanks  |x Research. 
700 1 |a Su, T. C. 
710 1 |a United States.  |b Maritime Administration.  |b Office of Research and Development. 
710 2 |a Texas A & M University.  |b Ocean Engineering Program. 
999 |a MARS 
999 f f |s f8ebcf5f-685f-3e18-bb8d-3b4c7f262675  |i 79748276-1c8d-3137-9c11-3fe9c2072840  |t 0 
998 f f |a TD 11.2:N 86  |t 0  |l Evans: US Documents (Annex 5th floor)